Principles of political economy, with some of their applications to social philosophy (Record no. 373898)

000 -LEADER
fixed length control field 00437cam a22001337a 4500
008 - FIXED-LENGTH DATA ELEMENTS--GENERAL INFORMATION
fixed length control field 180718b1909 xxu||||| |||| 00| 0 eng d
082 ## - DEWEY DECIMAL CLASSIFICATION NUMBER
Classification number T1 M61
100 ## - MAIN ENTRY--PERSONAL NAME
Personal name Mill, John Stuart
245 ## - TITLE STATEMENT
Title Principles of political economy, with some of their applications to social philosophy
Statement of responsibility, etc. by John Stuart Mill and edited by W.J. Ashley
260 ## - PUBLICATION, DISTRIBUTION, ETC.
Place of publication, distribution, etc. London
Name of publisher, distributor, etc. Longmans
Date of publication, distribution, etc. 1909
300 ## - PHYSICAL DESCRIPTION
Extent 1013p.
650 ## - SUBJECT ADDED ENTRY--TOPICAL TERM
Topical term or geographic name entry element Economics
700 ## - ADDED ENTRY--PERSONAL NAME
Personal name Ashley, W.J., ed.

No items available.

Powered by Koha